000 00654nam a22001937a 4500
005 20260409154701.0
008 260409b |||||||| |||| 00| 0 eng d
040 _aLC
_cUNZA
_dUNZA
_eRDA
050 _aZAMB BV3625.Z3
_bKAT 2016
245 _aKatondwe :
_bthe Polish mission of Luangwa in Northern Rhodesia (Zambia) /
260 _aLusaka:
_bJesuit Province of Zambia-Malawi,
_c2016.
300 _a183 pages:
_billustrations.
650 _aChristian missions.
650 _aCatholic missions
_zLuangwa, Zambia.
650 _aChurch history
_zZambia.
700 _aKiełbasa, Jan
_etranslator
700 _aMurphy Edward P
_eeditor
942 _cZAMBIANA
999 _c216571
_d216571